000 00290nam a2200109Ia 4500
008 200302s9999 xx 000 0 und d
100 _aJurgen Tietz
245 _aThe Story of Modern Architecture
260 _bh. f. ullmann is an imprint of tandem verlag
260 _c2008
300 _a127 P.,
999 _c2892
_d2892